|
|
|
|
| LEADER |
02291nam a2200577 i 4500 |
| 001 |
nkc20213323588 |
| 003 |
CZ PrNK |
| 005 |
20250430235008.0 |
| 007 |
ta |
| 008 |
210511s2021 xr ab f 000 0 cze |
| 015 |
|
|
|a cnb003323588
|
| 020 |
|
|
|a 978-80-7514-127-9
|q (vázáno)
|
| 035 |
|
|
|a (OCoLC)1260122728
|
| 040 |
|
|
|a BOA001
|b cze
|e rda
|
| 041 |
0 |
|
|a cze
|b eng
|
| 043 |
|
|
|a e-xr---
|
| 072 |
|
7 |
|a 639.2/.6
|x Rybářství
|2 Konspekt
|9 24
|
| 080 |
|
|
|a 639.21
|2 MRF
|
| 080 |
|
|
|a 591.523
|2 MRF
|
| 080 |
|
|
|a 626.882
|2 MRF
|
| 080 |
|
|
|a (437.3)
|2 MRF
|
| 080 |
|
|
|a (048.8:082)
|2 MRF
|
| 100 |
1 |
|
|a Lusk, Stanislav,
|d 1940-
|7 jk01072674
|4 aut
|
| 245 |
1 |
0 |
|a Migrace ryb a migrační prostupnost vodních toků /
|c Stanislav Lusk, Petr Hartvich, Bohumír Lojkásek
|
| 250 |
|
|
|a 2. vydání
|
| 264 |
|
1 |
|a Vodňany :
|b Jihočeská univerzita v Českých Budějovicích, Fakulta rybářství a ochrany vod,
|c 2021
|
| 300 |
|
|
|a 248 stran :
|b ilustrace (převážně barevné), mapy ;
|c 25 cm
|
| 336 |
|
|
|a text
|b txt
|2 rdacontent
|
| 337 |
|
|
|a bez média
|b n
|2 rdamedia
|
| 338 |
|
|
|a svazek
|b nc
|2 rdacarrier
|
| 500 |
|
|
|a 500 výtisků
|
| 500 |
|
|
|a Terminologický slovník
|
| 504 |
|
|
|a Obsahuje bibliografii a přehled souvisejících právních předpisů
|
| 546 |
|
|
|a Anglické resumé
|
| 650 |
0 |
7 |
|a sladkovodní ryby
|7 ph116170
|z Česko
|2 czenas
|
| 650 |
0 |
7 |
|a migrace živočichů
|7 ph151469
|z Česko
|2 czenas
|
| 650 |
0 |
7 |
|a rybí přechody
|7 ph116097
|z Česko
|2 czenas
|
| 650 |
0 |
9 |
|a freshwater fishes
|z Czechia
|2 eczenas
|
| 650 |
0 |
9 |
|a animal migration
|z Czechia
|2 eczenas
|
| 650 |
0 |
9 |
|a fish passes
|z Czechia
|2 eczenas
|
| 655 |
|
7 |
|a kolektivní monografie
|7 fd501537
|2 czenas
|
| 655 |
|
9 |
|a collective monographs
|2 eczenas
|
| 700 |
1 |
|
|a Hartvich, Petr,
|d 1944-
|7 uzp2006333632
|4 aut
|
| 700 |
1 |
|
|a Lojkásek, Bohumír
|7 ola2014821957
|4 aut
|
| 856 |
4 |
1 |
|u http://www.digitalniknihovna.cz/mzk/uuid/uuid:0b837ce0-fdb1-11ef-b6fa-005056827e51
|y Digitalizovaný dokument
|x NDK
|
| 910 |
2 |
|
|a BOA001
|b 2-1465.359
|
| 990 |
|
|
|a BK
|
| 995 |
|
|
|a 01
|
| 991 |
|
|
|b 202106
|c NOV
|
| 996 |
6 |
|
|b 2610866522
|c 2-1465.359
|l MZK
|r Sklad / do 1 hodiny
|n 0
|p p.v.
|w 001852336
|u 000010
|a 1
|e BOA001
|j MZK50
|s P
|
| 996 |
7 |
|
|b 2610868130
|c 2-1465.359
|l Vol.výběr
|r VV 1p
|n 1
|p dar
|h 639.2/.6 LUS
|w 001852336
|u 000020
|a 0
|e BOA001
|j MZK50
|s A
|